| 000 | 00605cam3a220020500 4500 | ||
|---|---|---|---|
| 001 | tmp15497450 | ||
| 003 | UPRA | ||
| 005 | 20190815104608.0 | ||
| 008 | 950829s1970 rm rum u | ||
| 035 | _a(Sirsi) r121370 | ||
| 035 | _a(UPRA)tmp15497450 | ||
| 040 | _cUPRA | ||
| 100 | 1 |
_aIstrati, Panait, 1884-1935. _dIstrati, Panait, 1884-1935. _6A88637.1 |
|
| 245 | 1 | 0 | _aNerantula. |
| 260 |
_aBucuresti : _bEminescu, _c1970. |
||
| 490 | 1 |
_aRomanul de dragoste ; _v20 |
|
| 830 | 0 |
_aColectia Romanul de dragoste ; _v20 _6S13205.1 |
|
| 949 |
_aPC839.I83 _wlcc _i-174456 _mMAIN _tBOOK _lON-SHELF |
||
| 004 | 121370 | ||
| 999 |
_c66691 _d66690 |
||